000 00304nam a22001217a 4500
008 170615b xxu||||| |||| 00| 0 eng d
041 _aeng
080 _a328
100 _a19
101 _aSHP
245 _aA DISQUISITION ON GOVERNMENT AND SELECTION FROM DISCOVERY
_cCALHOUN.J.C
942 _2udc
_cBK
999 _c17613
_d17613